00357nam a2200145Ia 450000100060000000800410000602000180004704000130006508200210007810000160009924500410011526000370015630000110019354600070020423150140410s9999 xx 000 0 und d a0-85969-284-1 cPK-LaUMT a 155.9042bTYR-H aPeter Tyrer aHow to cope with stresscPeter Tyrer aLondon,UK:bSheldon Press,c1993 a115 p. aEN